| 000 | 00450nam a2200157Ia 4500 | ||
|---|---|---|---|
| 008 | 240729s9999 xx 000 0 und d | ||
| 022 | _a2007-5235 | ||
| 245 | 0 | _aMexican Journal of Medical Research ICSA | |
| 260 | _aMexico | ||
| 260 | _bUniversidad Autónoma del Estado de Hidalgo | ||
| 650 | _a Medicine (General) | ||
| 650 | _aMedicine | ||
| 856 | _uhttps://doaj.org/toc/9ea19e70182d40c381e37313df93596f | ||
| 942 | _2ddc | ||
| 942 | _cDOAJEJ | ||
| 999 |
_c67388 _d67388 |
||
| 945 |
_a1 _bMadushi Gamage _c1 _dMadushi Gamage |
||